LIBRARY & INFORMATION CENTRE, KCAET, TAVANUR

ONLINE PUBLIC ACCESS CATALOGUE (OPAC)

Laboratory manual on basic electrical engineering and electrical measurement / (Record no. 6815)

MARC details
000 -LEADER
fixed length control field 00498cam a2200169ua 4500
041 ## - LANGUAGE CODE
Language code of text/sound track or separate title eng
082 ## - DEWEY DECIMAL CLASSIFICATION NUMBER
Classification number 028.72621
Item number BHA/LA
100 ## - MAIN ENTRY--AUTHOR NAME
Personal name Bhattacharya, S K.
245 ## - TITLE STATEMENT
Title Laboratory manual on basic electrical engineering and electrical measurement /
250 ## - EDITION STATEMENT
Edition statement 1 /
260 ## - PUBLICATION, DISTRIBUTION, ETC. (IMPRINT)
Place of publication Chandigarh :
Name of publisher Technical Teachers training Institute ,
Year of publication 1986.
300 ## - PHYSICAL DESCRIPTION
Number of Pages 73 ; .
700 1# - ADDED ENTRY--PERSONAL NAME
Personal name Rastogi, K M.
942 ## - ADDED ENTRY ELEMENTS (KOHA)
Koha item type Books
Holdings
Withdrawn status Lost status Damaged status Home library Current library Date acquired Full call number Accession Number Koha item type
    Damaged KAUAET KAUAET 07/04/2012 028.72621 17977 Reference
free website counter